| 000 | 01064nam a2200313 i 4500 | ||
|---|---|---|---|
| 003 | DO-SdBPM | ||
| 005 | 20260324142323.0 | ||
| 007 | ta | ||
| 008 | 230712b2012 dr a|||| |||| 00| 0 spa d | ||
| 020 | _a9789945196009 | ||
| 040 |
_aDO-SdBPM _bspa _cBPMSU _erda _d |
||
| 082 | 0 | 4 |
_aRD863.5 _bR175u 2019 _222 |
| 100 |
_aRamos, Emelda, _d1948- _eautor _4aut. |
||
| 245 | 1 | 3 |
_aEl último aon / _cEmelda Ramos ; ilustraciones Adela Dore |
| 264 | 1 |
_aSanto Domingo : _bSantillana _bloqueleo, _c2012. |
|
| 300 |
_a41 páginas : _bilustraciones ; _c20 cm. |
||
| 336 |
_2rdacontent _atexto _btxt |
||
| 337 |
_2rdamedia _asin mediación _bn |
||
| 338 |
_2rdacarrier _avolumen _bnc |
||
| 490 | 0 |
_aNaranja ; _aNarrativa, _v10 |
|
| 500 | _aLa biblioteca posee la terceraa reimpresión 2019 | ||
| 590 | _aInventariado, 2026VM | ||
| 650 | 7 | _aCuentos infantiles dominicanos | |
| 650 | 7 | _aLiteratura infantil deominicana | |
| 650 | 7 | _aLibros ilustrados para niños | |
| 700 | 1 |
_aDore, Adela, _eilustraciones |
|
| 910 | _aVMateo V. Control de calidad. BPMSU | ||
| 942 |
_2ddc _cBK |
||
| 999 |
_c15773 _d15773 |
||